[Event "World Rapid Women 2025"]
[Site "Doha QAT"]
[Date "2025.12.26"]
[Round "4.42"]
[White "Kulon, Klaudia"]
[Black "Aydin, Gulenay"]
[Result "0-1"]
[WhiteTitle "IM"]
[BlackTitle "WIM"]
[WhiteElo "2335"]
[BlackElo "2259"]
[WhiteFideId "1131044"]
[BlackFideId "34557431"]
[EventDate "2025.12.26"]

1. c4 Nf6 2. Nc3 g6 3. e4 d6 4. d4 Bg7 5. h3 Nbd7 6. Be3 e5 7. d5 Nc5 8. f3 a5
9. g4 h5 10. g5 Nh7 11. h4 O-O 12. Qd2 a4 13. O-O-O Re8 14. Kb1 Nf8 15. Bxc5
dxc5 16. Bh3 Bxh3 17. Nxh3 Nd7 18. Nf2 Nb6 19. b3 Qb8 20. Kb2 c6 21. d6 Nd7 22.
Nxa4 b5 23. cxb5 Qxb5 24. Qd3 c4 25. Nc3 Rxa2+ 26. Kc1 Qxb3 27. Nxa2 cxd3 28.
Nxd3 Qxa2 0-1

[Event "World Rapid Women 2025"]
[Site "Doha QAT"]
[Date "2025.12.26"]
[Round "4.43"]
[White "Kamalidenova, Meruert"]
[Black "Li, Xueyi"]
[Result "1-0"]
[WhiteTitle "IM"]
[BlackTitle "WGM"]
[WhiteElo "2366"]
[BlackElo "2202"]
[WhiteFideId "13712802"]
[BlackFideId "8605912"]
[EventDate "2025.12.26"]

1. e4 c6 2. d4 d5 3. e5 Bf5 4. h4 h5 5. Bd3 Bxd3 6. Qxd3 e6 7. c4 Qa5+ 8. Nc3
Ne7 9. Nf3 Nf5 10. O-O Be7 11. g3 Nd7 12. cxd5 cxd5 13. Bg5 a6 14. Bxe7 Nxe7 15.
b4 Qd8 16. a4 O-O 17. a5 g6 18. Na4 Nc6 19. Rfb1 Kg7 20. Ng5 Qe7 21. Nc5 Nxc5
22. bxc5 Rab8 23. Rb6 f6 24. exf6+ Qxf6 25. Qe3 Rfe8 26. Rd1 e5 27. dxe5 Rxe5
28. Qd2 Qe7 29. Rdb1 Re2 30. Qxd5 Rd8 31. Qf3 Re1+ 32. Rxe1 Qxe1+ 33. Kg2 Qe7
34. Qc3+ Kh6 35. Qc1 Rd7 1-0

[Event "World Rapid Women 2025"]
[Site "Doha QAT"]
[Date "2025.12.26"]
[Round "4.44"]
[White "Roebers, Eline"]
[Black "Vo, Thi Kim Phung"]
[Result "1-0"]
[WhiteTitle "IM"]
[BlackTitle "WGM"]
[WhiteElo "2396"]
[BlackElo "2322"]
[WhiteFideId "1058401"]
[BlackFideId "12401838"]
[EventDate "2025.12.26"]

1. e4 e6 2. d3 d5 3. Nd2 c5 4. Ngf3 Nf6 5. g3 Nc6 6. Bg2 Be7 7. O-O h6 8. Re1 a5
9. a4 Qc7 10. Qe2 dxe4 11. dxe4 Nd4 12. Nxd4 cxd4 13. e5 Nd7 14. Nc4 Nb6 15.
Nd6+ Bxd6 16. exd6 Qxd6 17. Bf4 Qc5 18. Rad1 O-O 19. Be5 Qc4 20. Qg4 f6 21. Rxd4
Qxc2 22. Be4 Qb3 23. Bd6 f5 24. Qg6 Rf6 25. Qe8+ Kh7 26. Be5 Bd7 27. Qh5 Rg6 28.
Bxb7 Ra7 29. Bg2 Nd5 30. Qd1 Qxd1 31. Rexd1 Bc6 32. Rc1 Ra6 33. Rdc4 Bd7 34. Bf1
Rb6 35. Rd4 Rb4 36. Rxb4 Nxb4 37. b3 Nd5 38. Rc5 Rg4 39. Rxa5 Re4 40. Bb2 Be8
41. Ra7 e5 42. Kg2 Nf6 43. Bd3 Rb4 44. Bxe5 Kg6 45. Bc4 Bc6+ 46. Kf1 Bd5 47.
Rxg7+ Kxg7 48. Bxd5 Kg6 49. Bxf6 Kxf6 50. Bc4 Rb8 51. a5 Ke5 52. a6 Kd4 53. Ke2
Ke4 54. f3+ Kd4 55. Kd2 Ra8 56. Ke2 Re8+ 57. Kf2 Ra8 58. Kg2 Kc5 59. f4 Kb6 60.
h3 Rf8 61. Kf3 Kc5 62. g4 fxg4+ 63. hxg4 Ra8 64. g5 hxg5 65. fxg5 Kd4 66. g6 Ra7
67. Kf4 Rc7 68. Kf5 Rc5+ 69. Kf6 Rc6+ 70. Kg5 Rc7 71. Kh6 Ke5 72. g7 Rc6+ 73.
Kh7 Rc7 74. Kh8 1-0

[Event "World Rapid Women 2025"]
[Site "Doha QAT"]
[Date "2025.12.26"]
[Round "4.45"]
[White "Bulmaga, Irina"]
[Black "Shubenkova, Veronika"]
[Result "1/2-1/2"]
[WhiteTitle "IM"]
[BlackTitle "WFM"]
[WhiteElo "2389"]
[BlackElo "2013"]
[WhiteFideId "13903063"]
[BlackFideId "44124040"]
[EventDate "2025.12.26"]

1. e4 e6 2. d4 d5 3. Nc3 Nf6 4. Bg5 Be7 5. e5 Nfd7 6. Bxe7 Qxe7 7. f4 a6 8. Nf3
c5 9. dxc5 Qxc5 10. Qd2 b5 11. Nd4 Nb6 12. Be2 b4 13. Nd1 Nc4 14. Bxc4 dxc4 15.
a3 c3 16. bxc3 bxa3 17. Ne3 O-O 18. Nb3 Qe7 19. Nc4 Bb7 20. Nd6 Bc6 21. Nd4 Bd7
22. O-O Nc6 23. Rxa3 f6 24. Nxc6 Bxc6 25. Raa1 a5 26. Qe3 a4 27. Rfb1 fxe5 28.
fxe5 Qh4 29. Rb4 Qh5 30. Rb6 Bd7 31. h3 Ra5 32. Re1 a3 33. Nc4 Ra4 34. Nd2 Qg6
35. Qd3 a2 36. Nb3 Qf7 37. Qe3 Rfa8 38. Ra1 Bc8 39. Qd3 Qc7 40. Rd6 Ba6 41. Qg3
Bc4 42. Kh2 Rb8 43. Rd4 Bxb3 44. cxb3 Ra5 45. Rd2 Qxe5 46. Qxe5 Rxe5 47. b4 Rc8
48. Raxa2 Rxc3 49. Ra8+ Kf7 50. Ra7+ Kf6 51. Rdd7 Re2 52. Rxg7 Rcc2 53. Raf7+
Ke5 54. Rg5+ Kd6 55. Rxh7 Rb2 56. b5 Re1 57. Rh4 e5 58. Rh6+ Kd5 59. b6 Rbb1 60.
Rf6 Rh1+ 61. Kg3 Rb3+ 62. Kh4 Re1 63. Kh5 Kd4 64. Rg7 Reb1 65. Rd7+ Ke3 66. Re7
e4 67. Rfe6 Rb5+ 68. Kh4 R1b4 69. b7 Rxb7 1/2-1/2

[Event "World Rapid Women 2025"]
[Site "Doha QAT"]
[Date "2025.12.26"]
[Round "4.46"]
[White "Kurmangaliyeva, Liya"]
[Black "Toncheva, Nadya"]
[Result "1-0"]
[WhiteTitle "FM"]
[BlackTitle "FM"]
[WhiteElo "2339"]
[BlackElo "2362"]
[WhiteFideId "13725831"]
[BlackFideId "2924056"]
[EventDate "2025.12.26"]

1. Nf3 c5 2. g3 Nc6 3. Bg2 g6 4. c4 Bg7 5. Nc3 e5 6. d3 Nge7 7. h4 h6 8. h5 g5
9. Nxg5 hxg5 10. Bxg5 Bh6 11. Bxh6 Rxh6 12. Qd2 Rh8 13. Ne4 d6 14. Qg5 Qa5+ 15.
Kf1 Be6 16. Nxd6+ Kd7 17. Ne4 Kc7 18. Nf6 Rad8 19. a3 Kb8 20. h6 Qc7 21. Be4 Ng8
22. Bxc6 bxc6 23. Ne4 f6 24. Qe3 Bc8 25. Nxc5 Ne7 26. Qd2 Nf5 27. Rh5 Nd4 28. e3
Ne6 29. Ne4 Qf7 30. Rh4 f5 31. Qb4+ Qb7 32. Nc3 Rh7 33. Ke2 Rdh8 34. Rah1 Qxb4
35. axb4 Nd8 36. d4 exd4 37. exd4 Nf7 38. b5 cxb5 39. Nxb5 Rxh6 40. Rxh6 Rxh6
41. Rxh6 Nxh6 42. Kf3 Ng4 43. Nd6 Bd7 44. b3 Kc7 45. Nf7 a5 46. Ke2 a4 47. bxa4
Be6 48. Ne5 Nxe5 49. dxe5 Bxc4+ 50. Ke3 Kc6 51. Kf4 Be6 52. Kg5 Kd7 53. Kf6 Bb3
54. a5 Bc2 55. a6 Be4 56. a7 Ke8 57. Ke6 Kd8 58. Kf7 Bd5+ 59. e6 Kc7 60. Kf6 Kb7
61. e7 Bc6 62. Kxf5 Kxa7 63. Kf6 Be8 64. Kg7 1-0

[Event "World Rapid Women 2025"]
[Site "Doha QAT"]
[Date "2025.12.26"]
[Round "4.47"]
[White "Rodriguez Redondo, Adhara"]
[Black "Pham, Le Thao Nguyen"]
[Result "0-1"]
[WhiteTitle "WFM"]
[BlackTitle "IM"]
[WhiteElo "2207"]
[BlackElo "2348"]
[WhiteFideId "32065698"]
[BlackFideId "12401226"]
[EventDate "2025.12.26"]

1. e4 c6 2. d4 d5 3. exd5 cxd5 4. Bd3 Nc6 5. c3 Qc7 6. h3 g6 7. Ne2 Bf5 8. Bxf5
gxf5 9. Bf4 Qd7 10. Nd2 Nf6 11. Nf3 Ne4 12. O-O Bg7 13. Nc1 O-O 14. Nd3 f6 15.
Qc1 Rae8 16. Bh6 e5 17. Bxg7 Kxg7 18. Nh4 f4 19. Qd1 Kh8 20. Qh5 Qg7 21. Rfe1
Rg8 22. Kh2 Qf8 23. Nf3 Qd6 24. Kg1 Re7 25. Nh4 Reg7 26. Re2 exd4 27. Qf3 Ng5
28. Qg4 f3 29. Nxf3 Ne4 30. Qh5 Rxg2+ 31. Kh1 Ng3+ 32. fxg3 Rxe2 33. Nf4 Rxb2
34. cxd4 Rxg3 35. Qe8+ Rg8 36. Qe3 Ne7 37. Nh4 Qd7 38. Ne6 Rb6 39. Re1 Qd6 40.
Nf4 Nc6 41. Ne6 Nd8 42. Nf4 Rb2 43. Qf3 Nf7 44. Rf1 Ng5 45. Qh5 Ne4 46. Nfg6+
Rxg6 47. Nxg6+ Kg7 48. Qg4 Qh2# 0-1

[Event "World Rapid Women 2025"]
[Site "Doha QAT"]
[Date "2025.12.26"]
[Round "4.48"]
[White "Zhu, Chen"]
[Black "Khafizova, Diana"]
[Result "0-1"]
[WhiteTitle "GM"]
[BlackTitle "WFM"]
[WhiteElo "2423"]
[BlackElo "2234"]
[WhiteFideId "8600546"]
[BlackFideId "34378049"]
[EventDate "2025.12.26"]

1. d4 Nf6 2. c4 e6 3. Nf3 d5 4. Nc3 c5 5. cxd5 Nxd5 6. e4 Nxc3 7. bxc3 cxd4 8.
cxd4 Bb4+ 9. Bd2 Bxd2+ 10. Qxd2 O-O 11. Bc4 Nd7 12. O-O b6 13. Rfe1 Bb7 14. Rad1
Rc8 15. Bd3 Re8 16. Qf4 Qf6 17. Qg4 Qg6 18. Qh3 Qh6 19. Qxh6 gxh6 20. Rc1 Nf6
21. e5 Nd5 22. Be4 Rxc1 23. Rxc1 Nf4 24. Re1 Bxe4 25. Rxe4 Rc8 26. h3 Nd3 27.
Re2 a5 28. Rd2 Rc3 29. a4 Nb4 30. Kh2 Ra3 31. Rd1 Rxa4 32. Rc1 Ra2 33. Rc8+ Kg7
34. Rb8 Nd5 35. Kg3 a4 36. Nh4 a3 37. f4 f5 38. Rb7+ Kf8 39. Kf3 Rb2 40. g4 Rb3+
41. Kf2 Rxh3 42. Nxf5 exf5 43. gxf5 Rh4 44. f6 Rxf4+ 45. Kg3 Rf1 46. Ra7 h5 47.
Rxa3 Kf7 48. Ra7+ Ke6 49. Ra8 h4+ 50. Kxh4 Rf4+ 51. Kg5 Rf5+ 52. Kh6 Nxf6 53.
exf6 Rxf6+ 54. Kxh7 Kd5 55. Kg7 Rc6 56. Ra4 Rc4 57. Ra6 Rb4 58. Kf6 Kxd4 59. Ke6
Kc5 60. Ke5 b5 61. Ra8 Rh4 62. Rc8+ Kb4 63. Rc1 Ka3 64. Ra1+ Kb2 65. Rg1 b4 0-1

[Event "World Rapid Women 2025"]
[Site "Doha QAT"]
[Date "2025.12.26"]
[Round "4.49"]
[White "Mgeladze, Kesaria"]
[Black "Zhang, Lanlin"]
[Result "1/2-1/2"]
[WhiteTitle "WIM"]
[BlackTitle "WIM"]
[WhiteElo "2195"]
[BlackElo "2291"]
[WhiteFideId "13621130"]
[BlackFideId "8608032"]
[EventDate "2025.12.26"]

1. e4 e5 2. Nf3 Nc6 3. Bb5 a6 4. Ba4 Nf6 5. O-O Be7 6. d3 b5 7. Bb3 d6 8. Bd2
O-O 9. a4 Bb7 10. axb5 axb5 11. Nc3 Na7 12. Ne2 c5 13. Ng3 Nc6 14. Nf5 Rxa1 15.
Qxa1 Qd7 16. Qc1 Ne8 17. Bg5 Kh8 18. Bd5 f6 19. Be3 Nd4 20. Bxd4 Bxd5 21. Nxe7
Be6 22. Bxc5 dxc5 23. Nf5 Bxf5 24. exf5 Qxf5 25. Qe3 Qc8 26. Ra1 Nd6 27. h3 Qc6
28. Ra7 Qb6 29. Ra1 Kg8 30. Qd2 Rb8 31. Qc3 c4 32. Qb4 Rc8 33. dxc4 Rxc4 34. Qb3
Ne4 35. Rf1 h6 36. Qd3 Nc5 37. Qg6 e4 38. Ne5 Rxc2 39. Qe8+ Kh7 40. Qg6+ Kg8 41.
Qe8+ Kh7 42. Nd7 Qd6 43. Nf8+ Kg8 44. Ng6+ Kh7 45. Nf8+ Kg8 46. Ng6+ Kh7 47. Ne7
Qe6 48. Qg6+ Kh8 49. Qe8+ Kh7 50. Qg6+ Kh8 51. Qe8+ Kh7 52. Rd1 Nd3 53. Qg6+ Kh8
54. Nf5 Qd7 55. Ra1 Rc1+ 56. Rxc1 Nxc1 57. Nxh6 Ne2+ 58. Kh2 gxh6 59. Qxh6+ Kg8
60. Qg6+ Kf8 61. Qxf6+ Qf7 62. Qd8+ Kg7 63. Qg5+ Kf8 64. Qc5+ Kg8 65. Qg5+ Kf8
66. Qd8+ Kg7 67. Qg5+ Kf8 68. Qc5+ Kg7 69. Qe5+ Qf6 70. Qxe4 Qxf2 71. Qg4+ Kf6
72. Qf3+ Qxf3 73. gxf3 Nf4 74. Kg3 Nd3 75. b3 Nc5 76. Kf4 Nxb3 77. Ke4 b4 78.
Kd3 Nc5+ 79. Kc4 b3 80. Kc3 Kg5 81. Kb2 Kf4 82. h4 Kf5 83. Kc3 Kf4 84. Kb2 Kf5
85. Kc3 Ke5 86. h5 Kf5 87. f4 Kf6 88. Kb2 Kg7 89. f5 Kf6 90. h6 Kf7 91. Kc3 Kf6
92. Kb2 Kf7 93. Kc3 Kf6 94. Kb2 Kf7 95. Kc3 Kf6 96. Kb2 Kf7 97. Kc3 Kf6 1/2-1/2

[Event "World Rapid Women 2025"]
[Site "Doha QAT"]
[Date "2025.12.26"]
[Round "4.50"]
[White "Balajayeva, Khanim"]
[Black "Olde, Margareth"]
[Result "1/2-1/2"]
[WhiteTitle "IM"]
[BlackTitle "WIM"]
[WhiteElo "2351"]
[BlackElo "2214"]
[WhiteFideId "13406396"]
[BlackFideId "4503082"]
[EventDate "2025.12.26"]

1. e4 d6 2. d4 Nf6 3. Nc3 e5 4. Nf3 Nbd7 5. a4 c6 6. Bc4 Be7 7. O-O O-O 8. Re1
h6 9. h3 Re8 10. Be3 exd4 11. Bxd4 Nf8 12. a5 Be6 13. Bxe6 Nxe6 14. Be3 Bf8 15.
a6 b5 16. e5 dxe5 17. Nxe5 Qc7 18. Ng4 Nh7 19. h4 f5 20. Nh2 Rad8 21. Qh5 f4 22.
Bc1 Nf6 23. Qf5 Nd4 24. Bxf4 Qf7 25. Rxe8 Qxe8 26. Qe5 b4 27. Na4 Nxc2 28. Qxe8
Rxe8 29. Rd1 Nd5 30. Bc1 Nd4 31. Nf1 Nb5 32. Ne3 Nbc7 33. Nxd5 Nxd5 34. Kf1 Kf7
35. Rd4 Rb8 36. Bd2 1/2-1/2

[Event "World Rapid Women 2025"]
[Site "Doha QAT"]
[Date "2025.12.26"]
[Round "4.51"]
[White "Shvedova, Alexandra"]
[Black "Lau, Chloe Hailey"]
[Result "1-0"]
[WhiteTitle "WIM"]
[WhiteElo "2255"]
[BlackElo "1562"]
[WhiteFideId "54154782"]
[BlackFideId "6012469"]
[EventDate "2025.12.26"]

1. e4 c6 2. d4 d5 3. e5 Bf5 4. Nf3 e6 5. Be2 c5 6. Be3 cxd4 7. Nxd4 Ne7 8. Nd2
Nbc6 9. N2f3 Qc7 10. Nb5 Qa5+ 11. Bd2 Qb6 12. Nd6+ Kd7 13. Nxf7 Rg8 14. O-O Ng6
15. Be3 Qc7 16. c4 Ncxe5 17. N7xe5+ Nxe5 18. cxd5 Bd6 19. dxe6+ Kxe6 20. Nd4+
Kf6 21. Nb5 Qf7 22. Nxd6 Qg6 23. Nxf5 Qxf5 24. Qd6+ Kf7 25. f4 Ng4 26. Bc4+ Ke8
27. Bc5 Rd8 28. Rfe1+ Qe6 29. Qxe6# 1-0

[Event "World Rapid Women 2025"]
[Site "Doha QAT"]
[Date "2025.12.26"]
[Round "4.52"]
[White "Jarocka, Liwia"]
[Black "Dimitrijevic, Aleksandra"]
[Result "0-1"]
[WhiteTitle "FM"]
[BlackTitle "WGM"]
[WhiteElo "2258"]
[BlackElo "2063"]
[WhiteFideId "21807558"]
[BlackFideId "929239"]
[EventDate "2025.12.26"]

1. e4 c5 2. Nc3 e6 3. d4 cxd4 4. Qxd4 Nc6 5. Qd3 a6 6. Nf3 Nge7 7. Bf4 Ng6 8.
Bg3 Be7 9. h4 f6 10. O-O-O Nge5 11. Qe2 O-O 12. Nd2 b5 13. f4 Nd4 14. Qe1 Nec6
15. Bf2 Qa5 16. Kb1 b4 17. Ne2 Nb5 18. Nc4 Qc7 19. Bg3 Qb7 20. Nc1 d5 21. exd5
exd5 22. Ne3 d4 23. Nc4 Bg4 24. Be2 Be6 25. Qf1 a5 26. Bf3 a4 27. Re1 Bf7 28.
Rxe7 Qxe7 29. Bxc6 Nc3+ 30. bxc3 bxc3 31. Bxa8 Qb4+ 32. Nb3 Bxc4 33. Qd1 axb3
34. cxb3 Qa3 35. Qc1 Bd3+ 36. Ka1 Qxa8 37. Rd1 Qa6 38. a3 Rb8 39. b4 Rxb4 40.
Rxd3 Rb3 41. Ka2 Qc4 42. Rxd4 Rb2+ 43. Ka1 Qa2# 0-1

[Event "World Rapid Women 2025"]
[Site "Doha QAT"]
[Date "2025.12.26"]
[Round "4.53"]
[White "Berikkyzy Alanna"]
[Black "Fataliyeva, Ulviyya"]
[Result "0-1"]
[WhiteTitle "WFM"]
[BlackTitle "IM"]
[WhiteElo "2241"]
[BlackElo "2434"]
[WhiteFideId "13780719"]
[BlackFideId "13403052"]
[EventDate "2025.12.26"]

1. e4 c6 2. Nf3 d5 3. Nc3 Bg4 4. h3 Bxf3 5. Qxf3 e6 6. g3 Bc5 7. Bg2 Ne7 8. d3
Nd7 9. O-O O-O 10. Qe2 a5 11. Kh2 a4 12. a3 Qc7 13. f4 f5 14. Nd1 Rae8 15. e5 b5
16. Be3 Bxe3 17. Qxe3 c5 18. c3 Nb6 19. Rc1 Rd8 20. Rc2 Rd7 21. g4 Rfd8 22. d4
Nc4 23. Qf2 cxd4 24. Qxd4 Nc6 25. Qc5 fxg4 26. hxg4 Qb6 27. Qxb6 Nxb6 28. Re2
Nc4 29. Nf2 Ne7 30. Nd3 d4 31. cxd4 Rxd4 32. Nc5 Rd2 33. Rff2 Rxe2 34. Rxe2 Kf7
35. Ne4 h6 36. Nc3 Rb8 37. f5 exf5 38. gxf5 Nxf5 39. Bd5+ Ke7 40. Bxc4 bxc4 41.
Nxa4 g5 42. Nc3 Nd4 43. Re4 Rxb2+ 44. Kg3 Nf5+ 45. Kg4 Ke6 46. Kf3 Rb3 47. Rxc4
Rxa3 48. Ke4 Ng3+ 49. Kd4 Kf5 50. Rc6 h5 51. Rf6+ Kg4 52. e6 Nf5+ 53. Kc4 Nd6+
54. Kc5 Ne8 55. Nb5 Nxf6 56. Nxa3 h4 57. Nc4 h3 58. Ne5+ Kf5 59. Nf3 g4 60. Nd4+
Ke5 61. e7 h2 62. Nc6+ 0-1

[Event "World Rapid Women 2025"]
[Site "Doha QAT"]
[Date "2025.12.26"]
[Round "4.54"]
[White "Wafa, Shahenda"]
[Black "Charkhalashvili, Inga"]
[Result "0-1"]
[WhiteTitle "WGM"]
[BlackTitle "WGM"]
[WhiteElo "2074"]
[BlackElo "2235"]
[WhiteFideId "10609962"]
[BlackFideId "13601431"]
[EventDate "2025.12.26"]

1. e4 c6 2. d4 d5 3. Nc3 dxe4 4. Nxe4 Nf6 5. Nxf6+ exf6 6. c3 Bd6 7. Bd3 Be6 8.
Ne2 Qc7 9. Qc2 Nd7 10. Be3 h6 11. c4 Bb4+ 12. Nc3 Nb6 13. a3 Bxc3+ 14. Qxc3 O-O
15. O-O-O Na4 16. Qc2 Nb6 17. Kb1 Rfd8 18. Rc1 Qd7 19. Rhe1 Rac8 20. Ka1 Qd6 21.
Qd2 Na4 22. Qa5 b5 23. d5 cxd5 24. Qxb5 dxc4 25. Bxc4 Nxb2 26. Qxb2 Bxc4 27. Rc2
Rb8 28. Qc3 Bb3 29. Bc5 Qd5 30. Rb2 Rdc8 31. Rc1 Rb5 32. Qe3 a5 33. Be7 Re8 34.
Re1 a4 35. Qa7 Rb7 36. Qe3 Rbxe7 37. Qxe7 Rxe7 38. Rxe7 Qxg2 39. Rbe2 Qxh2 40.
Kb2 Qd6 41. R7e3 h5 42. Re8+ Kh7 43. R8e4 g5 44. f4 g4 45. f5 Qd5 46. Rf4 Bc4
47. Ref2 Qd3 48. Rh2 Qb3+ 49. Ka1 Qxa3+ 50. Kb1 Bd3+ 51. Rc2 Qb3+ 0-1

[Event "World Rapid Women 2025"]
[Site "Doha QAT"]
[Date "2025.12.26"]
[Round "4.55"]
[White "Krasteva, Beloslava"]
[Black "Rouda Essa, Alserkal"]
[Result "1/2-1/2"]
[WhiteTitle "FM"]
[BlackTitle "WGM"]
[WhiteElo "2339"]
[BlackElo "2052"]
[WhiteFideId "2922029"]
[BlackFideId "9314318"]
[EventDate "2025.12.26"]

1. d4 Nf6 2. c4 e6 3. Nc3 Bb4 4. e3 O-O 5. Bd2 d5 6. Nf3 Qe7 7. Rc1 Rd8 8. a3
Bxc3 9. Bxc3 a5 10. Bd3 dxc4 11. Bxc4 Ne4 12. O-O c5 13. Qc2 Nxc3 14. Qxc3 Nc6
15. Rfd1 cxd4 16. exd4 Bd7 17. Nd2 Rac8 18. Ne4 b5 19. Bxb5 Nb4 20. Qb3 Rxc1 21.
Rxc1 Bxb5 22. axb4 Qxb4 23. Qxb4 axb4 24. f3 Kf8 1/2-1/2

[Event "World Rapid Women 2025"]
[Site "Doha QAT"]
[Date "2025.12.26"]
[Round "4.56"]
[White "Lyutsinger, Iren"]
[Black "Al-Khulaifi, Ghada"]
[Result "1-0"]
[WhiteTitle "FM"]
[BlackTitle "WCM"]
[WhiteElo "2169"]
[BlackElo "1630"]
[WhiteFideId "34425969"]
[BlackFideId "12100633"]
[EventDate "2025.12.26"]

1. e4 c6 2. d4 d5 3. e5 c5 4. dxc5 Qa5+ 5. Nc3 Nc6 6. Qxd5 Bf5 7. Bb5 Qc7 8. Nf3
Rd8 9. Qc4 Bxc2 10. e6 f6 11. Nd5 Qc8 12. Qxc2 Rxd5 13. Qe2 Rxc5 14. O-O a6 15.
Bxc6+ Rxc6 16. Re1 Nh6 17. Bxh6 gxh6 18. Nd4 Rc5 19. b4 Rd5 20. Rac1 Qb8 21. Qc4
Rd8 22. Nc6 Rc8 23. Nxb8 Rxc4 24. Rxc4 Kd8 25. Rd1+ 1-0

[Event "World Rapid Women 2025"]
[Site "Doha QAT"]
[Date "2025.12.26"]
[Round "4.57"]
[White "Parnali, S Dharia"]
[Black "Bayasgalan, Khishigbaatar"]
[Result "0-1"]
[WhiteTitle "WIM"]
[BlackTitle "WCM"]
[WhiteElo "2150"]
[BlackElo "2249"]
[WhiteFideId "5043131"]
[BlackFideId "4904311"]
[EventDate "2025.12.26"]

1. d4 Nf6 2. c4 e6 3. Nf3 b6 4. g3 Bb7 5. Bg2 Be7 6. O-O O-O 7. Nc3 Ne4 8. Nxe4
Bxe4 9. b3 f5 10. Bb2 Bf6 11. Qd2 d6 12. Rfd1 Nd7 13. Rac1 Qe8 14. Bc3 a5 15.
Qb2 Qg6 16. Ne1 h5 17. Nd3 Qf7 18. f3 Bb7 19. e4 h4 20. d5 exd5 21. exd5 Bg5 22.
Bd2 Bf6 23. Bc3 Rae8 24. Bxf6 Nxf6 25. Re1 hxg3 26. hxg3 Qg6 27. Qf2 Nh5 28. Kh2
f4 29. Nxf4 Nxf4 30. gxf4 Qh6+ 31. Bh3 Bc8 32. Qg3 Rxe1 33. Rxe1 Bxh3 34. Qxh3
Qxf4+ 35. Kg2 Qd2+ 36. Kf1 Qd3+ 37. Kf2 Qd4+ 38. Re3 Re8 39. f4 Qd2+ 0-1

[Event "World Rapid Women 2025"]
[Site "Doha QAT"]
[Date "2025.12.26"]
[Round "4.58"]
[White "Nandhidhaa, P V"]
[Black "Abrar Mohammed Ahmad Almalki"]
[Result "1-0"]
[WhiteTitle "WGM"]
[WhiteElo "2257"]
[BlackElo "1826"]
[WhiteFideId "5050847"]
[BlackFideId "21543143"]
[EventDate "2025.12.26"]

1. e4 e6 2. d4 d5 3. Nd2 Nf6 4. e5 Nfd7 5. c3 c5 6. Ndf3 Nc6 7. Bd3 Qb6 8. Ne2
cxd4 9. cxd4 Bb4+ 10. Bd2 Bxd2+ 11. Qxd2 O-O 12. O-O f6 13. exf6 Nxf6 14. Nc3
Kh8 15. Bb1 Bd7 16. Na4 Qc7 17. Re1 Ng4 18. Qd3 Nf6 19. Nc5 Rae8 20. a3 Bc8 21.
Bc2 b6 22. Nb3 e5 23. dxe5 Nxe5 24. Nxe5 Rxe5 25. Nd4 a6 26. Qg3 Rfe8 27. Rxe5
Rxe5 28. Nf3 Re7 29. Qxc7 Rxc7 30. Bd3 h6 31. Nd4 Nh5 32. Re1 g5 33. g3 Nf6 34.
f3 Kg7 35. Ne6+ Bxe6 36. Rxe6 Nd7 37. Rg6+ Kf7 38. Rxh6 a5 39. Kf2 Kf8 40. Bf5
Ne5 41. Rxb6 Nc4 42. Rb5 d4 43. Bd3 a4 44. Rb4 Ne5 45. Rxd4 Nxd3+ 46. Rxd3 Rc2+
47. Kg1 Rxb2 48. Rd4 Rb3 49. Rxa4 Rxf3 50. Kg2 Rf5 51. Ra7 Rd5 52. Kh3 Rc5 53.
Kg4 Rb5 54. a4 Rc5 55. Rb7 Ra5 56. Rb5 Rxa4+ 57. Kxg5 Ra2 58. h4 Ra3 59. g4 Re3
60. Rb8+ Kg7 61. Rb7+ Kg8 62. Kf6 Rf3+ 63. Kg6 Rf4 64. Rb8+ Rf8 65. Rxf8+ Kxf8
66. Kh7 Kf7 67. g5 Kf8 68. g6 1-0

[Event "World Rapid Women 2025"]
[Site "Doha QAT"]
[Date "2025.12.26"]
[Round "4.59"]
[White "Ismayil, Malak"]
[Black "Gong, Qianyun"]
[Result "1-0"]
[WhiteTitle "WIM"]
[BlackTitle "WGM"]
[WhiteElo "2138"]
[BlackElo "2228"]
[WhiteFideId "13412604"]
[BlackFideId "8602425"]
[EventDate "2025.12.26"]

1. e4 e5 2. Nf3 Nc6 3. Bc4 Nf6 4. d3 h6 5. Nc3 d6 6. Be3 Na5 7. Qe2 Be7 8. h3 a6
9. a3 Nxc4 10. dxc4 Be6 11. b3 Qc8 12. Nd2 O-O 13. g4 Nh7 14. Nd5 Bd8 15. Qd3 b5
16. a4 c6 17. Nb6 Bxb6 18. Bxb6 d5 19. c5 Nf6 20. f3 Nd7 21. a5 Qe8 22. b4 Qe7
23. Qe3 d4 24. Qa3 Qh4+ 25. Ke2 Rac8 26. Rag1 Nf6 27. Qd3 Nh7 28. Kd1 Ng5 29.
Kc1 Bc4 30. Nxc4 bxc4 31. Qxc4 Nxf3 32. Rg2 Ng5 33. Qd3 Ne6 34. Qxa6 Nf4 35. Rd2
Qg3 36. Qc4 Qa3+ 37. Kb1 Qe3 38. Rhd1 Qxe4 39. a6 Nd5 40. Rd3 Kh8 41. R1d2 Qe1+
42. Kb2 Ne3 43. Rxe3 Qxe3 44. Rd3 Qe1 45. a7 f5 46. Qe6 fxg4 47. hxg4 Qxb4+ 48.
Rb3 Qe1 49. Qd7 Ra8 50. Qxc6 e4 51. g5 d3 52. gxh6 Qg3 53. Qxe4 gxh6 54. Rxd3
Qg7+ 55. Qd4 Rf6 56. Ka2 Rxa7+ 57. Bxa7 Qxa7+ 58. Kb2 Qg7 59. Kb3 Qf7+ 60. Kc3
Qg7 61. Kb3 Kh7 62. Qe4+ Rg6 63. Rd6 Qg8+ 64. c4 Qb8+ 65. Kc3 Qh8+ 66. Kc2 1-0

[Event "World Rapid Women 2025"]
[Site "Doha QAT"]
[Date "2025.12.26"]
[Round "4.60"]
[White "Lesbekova, Assel"]
[Black "Serikbay, Assel"]
[Result "0-1"]
[WhiteTitle "WCM"]
[BlackTitle "WIM"]
[WhiteElo "1948"]
[BlackElo "2221"]
[WhiteFideId "13713248"]
[BlackFideId "13706799"]
[EventDate "2025.12.26"]

1. d4 d5 2. Bf4 Nf6 3. e3 c5 4. Nf3 Nc6 5. c3 Qb6 6. Qb3 c4 7. Qxb6 axb6 8. Na3
Bf5 9. Nd2 e6 10. Nb5 Kd7 11. b3 cxb3 12. Nxb3 Bc2 13. Nc1 Ra5 14. f3 Nh5 15.
Bc7 Ba4 16. Bxb6 Rxb5 17. Bxb5 Bxb5 18. a4 Bc4 19. Kd2 Bd6 20. Nd3 Ra8 21. Rhb1
Ba6 22. Nb4 Nxb4 23. cxb4 Bc4 24. b5 Nf6 25. a5 Ne8 26. Bc5 Bxh2 27. a6 bxa6 28.
bxa6 Rxa6 29. Rxa6 Bxa6 30. Rh1 Bc7 31. Rxh7 Ba5+ 32. Kd1 Bf1 33. Rh2 Bc7 34. f4
Nf6 35. Ke1 Bd3 36. g3 Ne4 37. Rg2 Ba5+ 38. Kd1 Bf1 39. Rb2 Kc6 40. Kc2 Nxg3 41.
Ra2 Bc7 42. Bf8 g6 43. Ra1 Bc4 44. Bb4 Nf1 45. Bd2 f6 46. Ra8 g5 47. fxg5 fxg5
48. Rg8 Nxd2 49. Kxd2 Bf1 50. Ke1 Bh3 51. Rxg5 Bf5 52. Ke2 Kb5 53. Rg1 Ba5 54.
Rc1 Bg4+ 55. Kd3 Bf5+ 56. Ke2 Bb4 57. Rc8 Ka4 58. Kf3 Kb3 59. Rc6 Bc3 60. Ke2
Kc2 61. Rc7 Bg4+ 62. Kf2 Kd3 63. Kg3 Bf5 64. Kf4 Bd2 65. Ra7 Bxe3+ 66. Kf3 Be4+
67. Kg3 Bxd4 68. Ra3+ Bc3 0-1

[Event "World Rapid Women 2025"]
[Site "Doha QAT"]
[Date "2025.12.26"]
[Round "4.61"]
[White "Nordahl, Christine"]
[Black "Nguyen Hong Anh"]
[Result "0-1"]
[BlackTitle "WIM"]
[WhiteElo "1835"]
[BlackElo "2010"]
[WhiteFideId "1557939"]
[BlackFideId "12406732"]
[EventDate "2025.12.26"]

1. d4 Nf6 2. c4 c6 3. Nc3 d5 4. e3 e6 5. Nf3 Nbd7 6. Qc2 Bd6 7. g4 Nxg4 8. Rg1
Nxh2 9. Nxh2 Bxh2 10. Rxg7 Nf8 11. Rg2 Bd6 12. e4 Bb4 13. Bg5 Qa5 14. Bd2 Ng6
15. a3 Bxc3 16. Bxc3 Qc7 17. Bb4 dxe4 18. Qxe4 Bd7 19. O-O-O O-O-O 20. Kb1 Kb8
21. Ka1 c5 22. Bxc5 Bc6 23. d5 Ba4 24. b3 Bxb3 25. Rb1 Qxc5 26. Rxb3 exd5 27.
cxd5 Qc1+ 28. Rb1 Qxa3# 0-1